[Event "4NCL/Div2b/WWKS1 vs. CHEDP"]
[Site "Sunningdale ENG"]
[Date "2008.10.04"]
[Round "1.1"]
[White "Thomas, Nicholas"]
[Black "Arkell, Keith"]
[Result "0-1"]
[WhiteElo "2309"]
[BlackElo "2521"]
[PlyCount "82"]
[EventDate "2008.10.04"]
[SourceDate "2008.10.04"]

1. e4 c6 2. d4 d5 3. Nd2 dxe4 4. Nxe4 Nd7 5. Bf4 Ngf6 6. Nxf6+ Nxf6 7. Qd2 Bf5
8. c3 e6 9. Bd3 Bxd3 10. Qxd3 Bd6 11. Bxd6 Qxd6 12. Nf3 O-O 13. O-O Rfd8 14.
Rad1 h6 15. h3 b5 16. Ne5 a6 17. f4 c5 18. Qf3 Rac8 19. Kh2 Nd5 20. g3 Rc7 21.
Rf2 c4 22. Rg1 b4 23. g4 f6 24. Ng6 bxc3 25. bxc3 Kh7 26. Nh4 g5 27. Ng2 Rb8
28. Re1 Kg7 29. Kg1 Rcb7 30. f5 Rb1 31. Rfe2 exf5 32. gxf5 Rxe1+ 33. Rxe1 Rb2
34. Qe4 Qd7 35. Qe6 Rxg2+ 36. Kxg2 Nf4+ 37. Kf2 Nxe6 38. fxe6 Qe7 39. d5 Kf8
40. Rd1 Qd6 41. Rd4 Ke7 0-1

[Event "4NCL/Div2b/WWKS1 vs. CHEDP"]
[Site "Sunningdale ENG"]
[Date "2008.10.04"]
[Round "1.2"]
[White "Bellin, Robert"]
[Black "Mason, Don"]
[Result "1/2-1/2"]
[WhiteElo "2405"]
[BlackElo "2245"]
[PlyCount "44"]
[EventDate "2008.10.04"]
[SourceDate "2008.10.04"]

1. Nf3 c5 2. e3 g6 3. d4 Bg7 4. c3 d5 5. dxc5 Nf6 6. b4 O-O 7. Bb2 Ne4 8. a4 f5
9. Be2 a5 10. Qb3 Be6 11. O-O b6 12. cxb6 Qxb6 13. b5 Rc8 14. Qa3 Nd7 15. Nd4
Ndc5 16. f3 Nd6 17. Nd2 Bf7 18. f4 Nce4 19. Rfd1 Nxd2 20. Rxd2 Ne4 21. Rd3 e5
22. fxe5 Bxe5 1/2-1/2

[Event "4NCL/Div2b/WWKS1 vs. CHEDP"]
[Site "Sunningdale ENG"]
[Date "2008.10.04"]
[Round "1.3"]
[White "Hynes, Anthony"]
[Black "Wallace, Paul A"]
[Result "1/2-1/2"]
[WhiteElo "2250"]
[BlackElo "2259"]
[PlyCount "48"]
[EventDate "2008.10.04"]
[SourceDate "2008.10.04"]

1. e4 e5 2. Nf3 Nc6 3. Bc4 Nf6 4. d4 exd4 5. e5 d5 6. Bb5 Ne4 7. Nxd4 Bd7 8.
Bxc6 bxc6 9. O-O Bc5 10. f3 Ng5 11. f4 Ne4 12. Be3 O-O 13. Nd2 Nxd2 14. Qxd2
Bb6 15. Nb3 f6 16. Bc5 Re8 17. Rae1 Bf5 18. Qc3 Be4 19. Rf2 fxe5 20. fxe5 Qg5
21. Bxb6 axb6 22. Qxc6 Qxe5 23. a4 Rad8 24. Nd2 Re6 1/2-1/2

[Event "4NCL/Div2b/WWKS1 vs. CHEDP"]
[Site "Sunningdale ENG"]
[Date "2008.10.04"]
[Round "1.4"]
[White "McKenna, Jason P"]
[Black "Shephard, Chris C W"]
[Result "1/2-1/2"]
[WhiteElo "2142"]
[BlackElo "2220"]
[PlyCount "37"]
[EventDate "2008.10.04"]
[SourceDate "2008.10.04"]

1. e4 c6 2. d4 g6 3. Nc3 d5 4. Nf3 Bg7 5. h3 dxe4 6. Nxe4 Nf6 7. Bd3 O-O 8. O-O
Nbd7 9. Re1 Nxe4 10. Bxe4 Nf6 11. Bd3 a5 12. c3 a4 13. Qe2 Re8 14. Bg5 Be6 15.
Ne5 Qc8 16. a3 Bf5 17. Bc4 Be6 18. Bd3 Bf5 19. Bc4 1/2-1/2

[Event "4NCL/Div2b/WWKS1 vs. CHEDP"]
[Site "Sunningdale ENG"]
[Date "2008.10.04"]
[Round "1.5"]
[White "Pitcher, John"]
[Black "Sharp, John R"]
[Result "1-0"]
[WhiteElo "2183"]
[BlackElo "2130"]
[PlyCount "85"]
[EventDate "2008.10.04"]
[SourceDate "2008.10.04"]

1. e4 e6 2. d4 d5 3. e5 c5 4. c3 Nc6 5. Nf3 Bd7 6. Be2 f6 7. O-O fxe5 8. dxe5
Qc7 9. c4 d4 10. Bf4 Nge7 11. Bd3 g6 12. Re1 Bg7 13. h4 O-O 14. Bh2 Nb4 15. Be4
d3 16. Na3 Rad8 17. h5 Bh6 18. Qb3 Bc6 19. Rad1 d2 20. Re2 Bxe4 21. Rxe4 Qc6
22. Re3 Bxe3 23. Qxe3 Rd3 24. Qe2 Rfd8 25. Bf4 Nxa2 26. Nxd2 Rxa3 27. bxa3 Nc3
28. Qe1 Nxd1 29. Qxd1 Rd4 30. Be3 Rd3 31. hxg6 hxg6 32. Qg4 Kg7 33. Ne4 Rxa3
34. Bh6+ Kh8 35. Bg5 Ng8 36. Bf6+ Nxf6 37. exf6 Ra1+ 38. Kh2 Qd7 39. Ng5 Qd1
40. Qxe6 Qh5+ 41. Nh3 Qf5 42. Qe8+ Kh7 43. Qf7+ 1-0

[Event "4NCL/Div2b/WWKS1 vs. CHEDP"]
[Site "Sunningdale ENG"]
[Date "2008.10.04"]
[Round "1.6"]
[White "Bennett, Patrick"]
[Black "Galloway, Iain"]
[Result "1-0"]
[WhiteElo "2101"]
[BlackElo "2139"]
[PlyCount "57"]
[EventDate "2008.10.04"]
[SourceDate "2008.10.04"]

1. d4 d5 2. c4 e6 3. Nc3 Nf6 4. Nf3 Be7 5. e3 O-O 6. Bd3 b6 7. cxd5 exd5 8. Ne5
Bb7 9. O-O Nbd7 10. Qc2 c5 11. f4 h6 12. Bd2 Rb8 13. Bf5 Nxe5 14. fxe5 Ne4 15.
Rad1 Nxd2 16. Qxd2 Bg5 17. Rf3 Qe7 18. Bc2 cxd4 19. Qd3 g6 20. exd4 Rbd8 21. g3
h5 22. h4 Bh6 23. Bb3 Bg7 24. Rdf1 Kh7 25. Qb5 f6 26. Bxd5 fxe5 27. Rf7 Qd6 28.
Ne4 Qxd5 29. Nf6+ 1-0

[Event "4NCL/Div2b/WWKS1 vs. CHEDP"]
[Site "Sunningdale ENG"]
[Date "2008.10.04"]
[Round "1.7"]
[White "Baruch, Andrew J D"]
[Black "Edwards, Simon"]
[Result "1/2-1/2"]
[WhiteElo "2085"]
[BlackElo "2034"]
[PlyCount "29"]
[EventDate "2008.10.04"]
[SourceDate "2008.10.04"]

1. g3 d5 2. Bg2 e5 3. d3 Nf6 4. Nf3 Nc6 5. O-O h6 6. a3 Bd6 7. b4 O-O 8. Bb2
Bg4 9. Nbd2 Re8 10. h3 Bxf3 11. Nxf3 e4 12. dxe4 dxe4 13. Nd4 Ne5 14. Nf5 Nc4
15. Bd4 1/2-1/2

[Event "4NCL/Div2b/WWKS1 vs. CHEDP"]
[Site "Sunningdale ENG"]
[Date "2008.10.04"]
[Round "1.8"]
[White "Adams, Thomas J"]
[Black "James, Ann-Marie"]
[Result "0-1"]
[WhiteElo "1665"]
[BlackElo "2050"]
[PlyCount "56"]
[EventDate "2008.10.04"]
[SourceDate "2008.10.04"]

1. e4 e5 2. Nf3 Nc6 3. d4 exd4 4. Nxd4 Bb4+ 5. Nc3 Nf6 6. Nxc6 bxc6 7. Bd2 O-O
8. Bd3 d5 9. exd5 Re8+ 10. Ne2 Bxd2+ 11. Qxd2 cxd5 12. O-O c6 13. Nd4 c5 14.
Nf3 Rb8 15. c3 Bg4 16. Be2 Qb6 17. Rab1 Bf5 18. Bd3 Ne4 19. Qc2 c4 20. Bxe4
Bxe4 21. Qd2 Bxb1 22. Rxb1 Qa6 23. Qxd5 Qxa2 24. Rd1 Rxb2 25. Ne5 Rxf2 26. Rf1
Rxf1+ 27. Kxf1 Qb1+ 28. Kf2 Qf5+ 0-1

[Event "4NCL/Div2b/KHE vs. FCA1"]
[Site "Sunningdale ENG"]
[Date "2008.10.04"]
[Round "1.1"]
[White "Kwiatkowski, Feliks J"]
[Black "Tippleston, Charles"]
[Result "1/2-1/2"]
[WhiteElo "2219"]
[BlackElo "2177"]
[PlyCount "92"]
[EventDate "2008.10.04"]
[SourceDate "2008.10.04"]

1. e4 c5 2. Nf3 e6 3. d4 cxd4 4. Nxd4 Nf6 5. Nc3 Nc6 6. Ndb5 d6 7. Bf4 e5 8.
Bg5 a6 9. Na3 b5 10. Bxf6 gxf6 11. Nd5 f5 12. Bd3 Be6 13. O-O Bxd5 14. exd5 Ne7
15. c3 Bg7 16. Nc2 O-O 17. a4 Qb6 18. axb5 axb5 19. Rxa8 Rxa8 20. Nb4 e4 21.
Bc2 Kh8 22. Qh5 Rf8 23. Nc6 Nxc6 24. dxc6 Qc5 25. Bb3 Be5 26. Bxf7 Qxc6 27. Be6
Qc5 28. Rd1 e3 29. fxe3 Qxe3+ 30. Kh1 Qf2 31. Rb1 Qc2 32. Qd1 Qf2 33. Qf3 Qxf3
34. gxf3 Rf6 35. Bd7 Rh6 36. Bxf5 Rxh2+ 37. Kg1 h5 38. Bd7 b4 39. cxb4 Rxb2 40.
Rxb2 Bxb2 41. Be8 h4 42. Kg2 Bd4 43. Kh3 Bf2 44. b5 Kg7 45. b6 Bxb6 46. Kxh4
Kf6 1/2-1/2

[Event "4NCL/Div2b/KHE vs. FCA1"]
[Site "Sunningdale ENG"]
[Date "2008.10.04"]
[Round "1.2"]
[White "Almond, Richard"]
[Black "Okike, David C"]
[Result "0-1"]
[WhiteElo "2138"]
[BlackElo "2205"]
[PlyCount "120"]
[EventDate "2008.10.04"]
[SourceDate "2008.10.04"]

1. d4 Nf6 2. c4 e6 3. Nc3 Bb4 4. Qc2 c5 5. dxc5 Nc6 6. Nf3 O-O 7. Bg5 Qa5 8.
Rc1 Qxa2 9. e3 Bxc3+ 10. Qxc3 Ne4 11. Qa3 Qxa3 12. bxa3 f6 13. Bh4 Nxc5 14. Nd4
Ne5 15. Rc3 b6 16. f3 Ba6 17. Bg3 Rac8 18. Bxe5 fxe5 19. Nb5 Na4 20. Rb3 Bxb5
21. Rxb5 d6 22. Bd3 Nc5 23. Be2 Rc6 24. O-O Nb7 25. Rd1 Na5 26. Rb2 Kf7 27. c5
d5 28. cxb6 Rxb6 29. Rc2 Re8 30. e4 dxe4 31. fxe4 Re7 32. Rf1+ Kg6 33. Rc5 Nc6
34. Bb5 Nd4 35. a4 a6 36. Bc4 Rb4 37. Bxa6 Rxa4 38. Bd3 Ra3 39. Bb1 Rf7 40.
Rxf7 Kxf7 41. Rc7+ Kf6 42. Rb7 h5 43. Kf2 h4 44. h3 Nc6 45. Rb2 Ne7 46. Bc2 Ng6
47. Bd1 Nf4 48. Rd2 Nd3+ 49. Kg1 Nc5 50. Bc2 Kg5 51. Rd8 Rc3 52. Rd2 Re3 53.
Kf2 Rxe4 54. Rd8 Rc4 55. Bb1 Rb4 56. Rd1 Kf4 57. Bh7 e4 58. Rd8 Rb2+ 59. Kf1
Ke3 60. Kg1 Nd3 0-1

[Event "4NCL/Div2b/KHE vs. FCA1"]
[Site "Sunningdale ENG"]
[Date "2008.10.04"]
[Round "1.3"]
[White "McMichael, Richard"]
[Black "Habershon, Paul"]
[Result "1-0"]
[WhiteElo "2262"]
[BlackElo "2120"]
[PlyCount "117"]
[EventDate "2008.10.04"]
[SourceDate "2008.10.04"]

1. b3 d6 2. Bb2 e5 3. e3 g6 4. d4 Nd7 5. Nf3 Bg7 6. c4 Ne7 7. Nc3 O-O 8. Be2 h6
9. h4 exd4 10. Nxd4 Nf6 11. h5 Nf5 12. Nxf5 Bxf5 13. g4 Ne4 14. Nxe4 Bxe4 15.
Bxg7 Kxg7 16. f3 Bc6 17. Qd4+ Qf6 18. Qxf6+ Kxf6 19. hxg6 Kxg6 20. Kf2 Rae8 21.
Bd3+ Kg7 22. Bf5 Re5 23. e4 f6 24. a4 a5 25. Rh5 Rh8 26. Rah1 Re7 27. R5h2 b6
28. Kg3 Ree8 29. Kf4 Re7 30. Rd2 Re5 31. Ke3 Re7 32. Kd4 Rhe8 33. Rdh2 Rh8 34.
f4 Ree8 35. g5 hxg5 36. Rh7+ Rxh7 37. Rxh7+ Kf8 38. Rxc7 Ba8 39. fxg5 fxg5 40.
Rh7 Bc6 41. Rh6 Ke7 42. Re6+ Kd7 43. Rg6+ Kc7 44. Rxg5 Rh8 45. Rg7+ Kd8 46. Be6
Rh2 47. Bd5 Bd7 48. Rg6 Rh3 49. Rxd6 Rxb3 50. Be6 Ke7 51. Rxd7+ Kxe6 52. Rh7
Rb4 53. Rh6+ Kd7 54. Kd5 Kc7 55. Rh7+ Kb8 56. e5 Rxa4 57. e6 Ra1 58. e7 Rd1+
59. Kc6 1-0

[Event "4NCL/Div2b/KHE vs. FCA1"]
[Site "Sunningdale ENG"]
[Date "2008.10.04"]
[Round "1.4"]
[White "Macdonald-Ross, Michael"]
[Black "Wittmann, Jochen"]
[Result "0-1"]
[WhiteElo "2169"]
[BlackElo "2190"]
[PlyCount "70"]
[EventDate "2008.10.04"]
[SourceDate "2008.10.04"]

1. d4 f5 2. g3 Nf6 3. Bg2 g6 4. c4 Bg7 5. Nc3 d6 6. d5 e5 7. dxe6 Nc6 8. Nh3
Bxe6 9. Nd5 Bf7 10. O-O h6 11. Nhf4 O-O 12. Nxf6+ Qxf6 13. Nd5 Qd8 14. e4 fxe4
15. Bxe4 Re8 16. Qc2 Nd4 17. Qd3 c6 18. Nf4 g5 19. Bh7+ Kh8 20. Bg6 Qf6 21.
Bxf7 Qxf7 22. Ng6+ Kg8 23. f4 Re6 24. f5 Nxf5 25. Qxf5 Qxg6 26. Qxg6 Rxg6 27.
Be3 Re6 28. Bf2 Bxb2 29. Rab1 Re2 30. Rfd1 Rf8 31. Bxa7 c5 32. Rxd6 Bd4+ 33.
Rxd4 cxd4 34. Bxd4 Rxa2 35. Rxb7 Rd8 0-1

[Event "4NCL/Div2b/KHE vs. FCA1"]
[Site "Sunningdale ENG"]
[Date "2008.10.04"]
[Round "1.5"]
[White "Thomas, Richard H"]
[Black "Majer, Chris E"]
[Result "1/2-1/2"]
[WhiteElo "2189"]
[BlackElo "2091"]
[PlyCount "121"]
[EventDate "2008.10.04"]
[SourceDate "2008.10.04"]

1. d4 Nf6 2. c4 c5 3. Nf3 cxd4 4. Nxd4 b6 5. Nc3 Bb7 6. Bg5 d6 7. f3 Nbd7 8. e4
g6 9. Be2 Bg7 10. Qd2 O-O 11. O-O Rc8 12. Rac1 Re8 13. Rfd1 Qc7 14. Kh1 Qb8 15.
b3 Qa8 16. Nd5 a6 17. Nc2 Nxd5 18. exd5 Rc7 19. Nd4 Nc5 20. Bf1 Nd7 21. Re1 Nf6
22. Qf2 b5 23. cxb5 Rxc1 24. Rxc1 Nxd5 25. a4 Qa7 26. Rd1 Nc3 27. Rd3 axb5 28.
Be3 Qa5 29. axb5 Nxb5 30. Nxb5 Qxb5 31. Rxd6 Qxb3 32. Rb6 Qd5 33. Rb5 Qd7 34.
Rb1 Rd8 35. Be2 e6 36. h3 Bd5 37. Rd1 Qa4 38. Qf1 Rb8 39. Bd3 h5 40. Rb1 Rxb1
41. Qxb1 Qa1 42. Qxa1 Bxa1 43. h4 Bf6 44. Bf2 Kg7 45. Kg1 Bd8 46. Kf1 Kf6 47.
f4 Bc7 48. Bd4+ e5 49. fxe5+ Bxe5 50. Bxe5+ Kxe5 51. Kf2 Be4 52. Be2 f6 53. g3
Kd4 54. Bd1 Bf5 55. Bf3 Bg4 56. Bc6 Ke5 57. Ke3 g5 58. hxg5 fxg5 59. Kf2 h4 60.
gxh4 gxh4 61. Kg2 1/2-1/2

[Event "4NCL/Div2b/KHE vs. FCA1"]
[Site "Sunningdale ENG"]
[Date "2008.10.04"]
[Round "1.6"]
[White "Borrowdale, Graham"]
[Black "Forbes, Cathy"]
[Result "0-1"]
[WhiteElo "2035"]
[BlackElo "2098"]
[PlyCount "68"]
[EventDate "2008.10.04"]
[SourceDate "2008.10.04"]

1. c4 c6 2. Nf3 d5 3. d4 Bf5 4. Nc3 e6 5. Qb3 Qb6 6. e3 Nd7 7. Qxb6 axb6 8. Nh4
Bg4 9. h3 Bh5 10. g4 Bg6 11. Nxg6 hxg6 12. cxd5 exd5 13. Bg2 b5 14. O-O Bd6 15.
Bd2 Nb6 16. b3 Nf6 17. f3 Kd7 18. e4 Ba3 19. e5 Nh7 20. Rab1 Ra7 21. f4 Be7 22.
a4 bxa4 23. Nxa4 Nxa4 24. bxa4 Rb8 25. a5 Bd8 26. Ra1 Rba8 27. Rab1 Kc8 28. f5
gxf5 29. Rxf5 f6 30. e6 Bxa5 31. e7 Kc7 32. Re1 Re8 33. Bf4+ Kd7 34. Rc1 g6 0-1

[Event "4NCL/Div2b/KHE vs. FCA1"]
[Site "Sunningdale ENG"]
[Date "2008.10.04"]
[Round "1.7"]
[White "Stevenson, James A B"]
[Black "Williamson, Kevin J"]
[Result "1-0"]
[WhiteElo "2073"]
[BlackElo "2026"]
[PlyCount "67"]
[EventDate "2008.10.04"]
[SourceDate "2008.10.04"]

1. e4 d5 2. exd5 Qxd5 3. Nc3 Qd6 4. g3 Nf6 5. Bg2 g6 6. d4 Bg7 7. Nge2 O-O 8.
O-O c6 9. h3 Be6 10. Nf4 Bc4 11. Re1 e6 12. Be3 Nbd7 13. Qd2 Rad8 14. Rad1 Nb6
15. Nd3 Bxd3 16. Qxd3 Nbd5 17. Nxd5 exd5 18. Bf4 Qd7 19. Kh2 Rfe8 20. Be5 h5
21. Re2 Nh7 22. Rde1 Bxe5 23. dxe5 Nf8 24. h4 d4 25. f4 Kg7 26. Rf1 f5 27.
exf6+ Kxf6 28. Be4 Kg7 29. f5 gxf5 30. Rxf5 Ng6 31. Rg5 Rxe4 32. Qxe4 Qd6 33.
Rxg6+ Qxg6 34. Qe7+ 1-0

[Event "4NCL/Div2b/KHE vs. FCA1"]
[Site "Sunningdale ENG"]
[Date "2008.10.04"]
[Round "1.8"]
[White "Evans, Helen"]
[Black "Haria, Ravi"]
[Result "0-1"]
[WhiteElo "1745"]
[BlackElo "1794"]
[PlyCount "132"]
[EventDate "2008.10.04"]
[SourceDate "2008.10.04"]

1. e4 e6 2. d4 d5 3. e5 c5 4. c3 Nc6 5. Nf3 Qb6 6. a3 cxd4 7. cxd4 Nge7 8. Nc3
Nf5 9. Na4 Qc7 10. b4 a6 11. Bb2 Be7 12. Bd3 O-O 13. Qc2 b6 14. Rc1 Bd7 15.
Bxa6 Rxa6 16. b5 Raa8 17. bxc6 Bxc6 18. O-O Rfc8 19. Nc3 Qd7 20. Qb3 Qb7 21. a4
f6 22. Nb5 Bxb5 23. Qxb5 fxe5 24. Nxe5 Nd6 25. Qd7 Qxd7 26. Nxd7 Rxc1 27. Rxc1
Rxa4 28. h3 Nc4 29. Bc3 Bd6 30. Kf1 Ra7 31. Ne5 Bxe5 32. dxe5 Ra4 33. Rb1 Ra3
34. Bb4 Rd3 35. Ke2 Rd4 36. f3 Rf4 37. Bc3 Rf7 38. Bd4 Rb7 39. Kd3 b5 40. f4 g6
41. g4 Kf7 42. Bc3 Ke7 43. Kd4 Kd7 44. f5 gxf5 45. gxf5 exf5 46. Kxd5 Nb6+ 47.
Kc5 Na4+ 48. Kd4 Nxc3 49. Kxc3 Ke6 50. Re1 b4+ 51. Kb3 Rb5 52. h4 Rxe5 53. Rd1
Re4 54. h5 f4 55. Rc1 Ke5 56. h6 Kd5 57. Rg1 Re6 58. Kxb4 Rxh6 59. Kc3 Ke4 60.
Rf1 Rh2 61. Kc4 Ke3 62. Kd5 f3 63. Ke5 Re2 64. Rb1 Rd2 65. Kf5 f2 66. Rb3+ Ke2
0-1

[Event "4NCL/Div2b/CELT1 vs. GUI3"]
[Site "Sunningdale ENG"]
[Date "2008.10.04"]
[Round "1.1"]
[White "Maciol, Ryszard"]
[Black "Tymrakiewicz, Rafal"]
[Result "1-0"]
[WhiteElo "2237"]
[BlackElo "2268"]
[PlyCount "93"]
[EventDate "2008.10.04"]
[SourceDate "2008.10.04"]

1. d4 f5 2. g3 Nf6 3. Bg2 e6 4. c4 Be7 5. Nf3 O-O 6. O-O d6 7. Nc3 Qe8 8. Re1
Qg6 9. e4 fxe4 10. Nxe4 Nxe4 11. Rxe4 Bf6 12. Qe2 Nc6 13. Bd2 e5 14. dxe5 dxe5
15. Bc3 Bf5 16. Nh4 Bxh4 17. Rxh4 Rae8 18. Bd5+ Kh8 19. Bxc6 Qxc6 20. Bxe5 Qc5
21. Bd4 Qc6 22. Qd2 Be4 23. Qg5 Qd7 24. Bc3 Kg8 25. Rg4 Bg6 26. Rd4 Qh3 27.
Qd5+ Kh8 28. Qd7 Qxd7 29. Rxd7 Rf7 30. Rad1 Kg8 31. Rxf7 Bxf7 32. Rd7 Rc8 33.
b3 Kf8 34. Be5 Re8 35. f4 g5 36. Kf2 gxf4 37. gxf4 Bg6 38. Ke3 Bb1 39. Rxc7 Rd8
40. Rxb7 Bxa2 41. c5 Rc8 42. Rxh7 Rc6 43. Bd6+ Ke8 44. b4 a6 45. h4 Bb1 46. Rg7
Rxd6 47. cxd6 1-0

[Event "4NCL/Div2b/CELT1 vs. GUI3"]
[Site "Sunningdale ENG"]
[Date "2008.10.04"]
[Round "1.2"]
[White "Povah, Nigel E"]
[Black "Kemp, Peter D"]
[Result "1-0"]
[WhiteElo "2311"]
[BlackElo "2177"]
[PlyCount "87"]
[EventDate "2008.10.04"]
[SourceDate "2008.10.04"]

1. d4 f5 2. Bg5 g6 3. Nc3 Bg7 4. h4 h6 5. Bf4 Nf6 6. Qd3 d6 7. O-O-O O-O 8. f3
Nc6 9. g4 fxg4 10. Qxg6 Qe8 11. Qxe8 Nxe8 12. Be3 e5 13. d5 Ne7 14. fxg4 Bxg4
15. Bh3 Nf6 16. Nf3 Nf5 17. Bd2 e4 18. Bxg4 Nxg4 19. Rdg1 exf3 20. Rxg4 f2 21.
Rf1 h5 22. Rg5 Nh6 23. Rxh5 Ng4 24. Nd1 Rae8 25. Rg5 Re4 26. Bc3 Rf7 27. Kd2
Kh7 28. Kd3 Ref4 29. e3 Nh2 30. exf4 Nxf1 31. Rxg7+ Rxg7 32. Bxg7 Kxg7 33. Nxf2
Kf6 34. Ng4+ Kg6 35. Ne3 Ng3 36. c4 Nh5 37. Ke4 Nf6+ 38. Kf3 Kh5 39. Nf5 Kg6
40. Nd4 a6 41. b4 Ne8 42. a4 Nf6 43. a5 Ne8 44. Ne6 1-0

[Event "4NCL/Div2b/CELT1 vs. GUI3"]
[Site "Sunningdale ENG"]
[Date "2008.10.04"]
[Round "1.3"]
[White "Pedersen, Carsten"]
[Black "Thompson, Ian D"]
[Result "1/2-1/2"]
[WhiteElo "2157"]
[BlackElo "2272"]
[PlyCount "49"]
[EventDate "2008.10.04"]
[SourceDate "2008.10.04"]

1. e4 e6 2. d4 d5 3. e5 c5 4. c3 Nc6 5. Nf3 Qb6 6. a3 Nh6 7. b4 cxd4 8. cxd4
Nf5 9. Bb2 Bd7 10. g4 Nh6 11. h3 f6 12. exf6 gxf6 13. Nc3 Nf7 14. Na4 Qc7 15.
Nc5 Bxc5 16. dxc5 Qf4 17. Qe2 Nfe5 18. Nxe5 Nxe5 19. Qe3 Nf3+ 20. Kd1 Ba4+ 21.
Ke2 Bb5+ 22. Kd1 Ba4+ 23. Ke2 Bb5+ 24. Kd1 Ba4+ 25. Ke2 1/2-1/2

[Event "4NCL/Div2b/CELT1 vs. GUI3"]
[Site "Sunningdale ENG"]
[Date "2008.10.04"]
[Round "1.4"]
[White "Sharpe, Ian"]
[Black "French, Angus"]
[Result "1-0"]
[WhiteElo "2290"]
[BlackElo "2131"]
[PlyCount "55"]
[EventDate "2008.10.04"]
[SourceDate "2008.10.04"]

1. e4 Nf6 2. e5 Nd5 3. d4 d6 4. c4 Nb6 5. exd6 cxd6 6. Nc3 g6 7. Be3 Bg7 8. Qd2
O-O 9. h3 d5 10. c5 Nc4 11. Bxc4 dxc4 12. Nf3 Nc6 13. O-O Bf5 14. Rfd1 Bd3 15.
b3 e5 16. bxc4 exd4 17. Nxd4 Bxc4 18. Rac1 Qa5 19. Nxc6 bxc6 20. Bd4 Rad8 21.
Qf4 Bxd4 22. Rxd4 Rxd4 23. Qxd4 Be6 24. Ne4 Qd8 25. Qe5 Qb8 26. Nf6+ Kh8 27.
Qc3 Qb7 28. Rd1 1-0

[Event "4NCL/Div2b/CELT1 vs. GUI3"]
[Site "Sunningdale ENG"]
[Date "2008.10.04"]
[Round "1.5"]
[White "Mueller, Jan"]
[Black "Granat, Russell G"]
[Result "0-1"]
[WhiteElo "2081"]
[BlackElo "2264"]
[PlyCount "90"]
[EventDate "2008.10.04"]
[SourceDate "2008.10.04"]

1. d4 d5 2. c4 Bf5 3. cxd5 Bxb1 4. Qa4+ c6 5. Rxb1 Qxd5 6. Nf3 Nd7 7. a3 e5 8.
dxe5 Nxe5 9. Nxe5 Qxe5 10. Bf4 Qf5 11. Rd1 Bc5 12. e3 Ne7 13. Be2 Nd5 14. Bg4
Qxg4 15. Rxd5 Qxg2 16. Re5+ Be7 17. Rf1 Rd8 18. Qb4 Rd7 19. Ke2 f6 20. Re4 Kf7
21. Qb3+ Rd5 22. Rd4 Qg4+ 23. f3 Qe6 24. Rxd5 cxd5 25. Rd1 Rd8 26. Qxb7 Rd7 27.
Qb3 g5 28. Bg3 h5 29. Qd3 f5 30. Kf1 h4 31. Be1 Bf6 32. e4 fxe4 33. fxe4 d4 34.
Bf2 Qe5 35. Qh3 Qe6 36. Qf3 Kg6 37. h3 Be5 38. Kg2 Rf7 39. Qd3 Rd7 40. Rc1 Qf6
41. Rc5 Qf4 42. Rc6+ Kh7 43. Bg1 g4 44. Re6 gxh3+ 45. Kxh3 Rg7 0-1

[Event "4NCL/Div2b/CELT1 vs. GUI3"]
[Site "Sunningdale ENG"]
[Date "2008.10.04"]
[Round "1.6"]
[White "Hopper, Paul"]
[Black "Josse, Mark"]
[Result "0-1"]
[WhiteElo "2173"]
[BlackElo "2010"]
[PlyCount "104"]
[EventDate "2008.10.04"]
[SourceDate "2008.10.04"]

1. e4 c5 2. Nc3 Nc6 3. g3 g6 4. Bg2 Bg7 5. d3 d6 6. Be3 e5 7. Qd2 Nge7 8. Nge2
Nd4 9. O-O Be6 10. Nd1 O-O 11. Nc1 Bh3 12. c3 Bxg2 13. Kxg2 Ne6 14. Ne2 d5 15.
f3 Qd7 16. Nf2 Rad8 17. Rad1 b6 18. Bh6 f5 19. Bxg7 Kxg7 20. Qc2 Qc6 21. g4 Rf7
22. Nh3 Rdf8 23. Kg1 c4 24. exf5 gxf5 25. d4 fxg4 26. fxg4 Rxf1+ 27. Rxf1 Rxf1+
28. Kxf1 exd4 29. cxd4 Qd6 30. Kg2 Ng6 31. Ng3 Nh4+ 32. Kf2 Qf8+ 33. Nf5+ Nxf5
34. Qxf5 Qxf5+ 35. gxf5 Nxd4 36. Nf4 Nxf5 37. Nxd5 Kf7 38. Kf3 Ke6 39. Ke4 Nd6+
40. Kd4 h6 41. Ne3 Nf5+ 42. Nxf5 Kxf5 43. Kxc4 Kg4 44. Kb5 Kh3 45. a4 Kxh2 46.
Ka6 h5 47. Kxa7 h4 48. Kxb6 h3 49. a5 Kg3 50. a6 h2 51. b4 h1=Q 52. Ka7 Qc6 0-1

[Event "4NCL/Div2b/CELT1 vs. GUI3"]
[Site "Sunningdale ENG"]
[Date "2008.10.04"]
[Round "1.7"]
[White "O'Grady, Gary"]
[Black "Shepley, Julien M"]
[Result "1/2-1/2"]
[WhiteElo "1932"]
[BlackElo "2115"]
[PlyCount "82"]
[EventDate "2008.10.04"]
[SourceDate "2008.10.04"]

1. e4 d5 2. exd5 Qxd5 3. Nc3 Qd6 4. d4 Nf6 5. Nf3 a6 6. Bc4 Nc6 7. Be3 Bf5 8.
Qe2 Bg6 9. O-O-O O-O-O 10. d5 Na5 11. Rd4 Nxc4 12. Qxc4 Nd7 13. Bf4 Qc5 14. Na4
b5 15. Qxc5 Nxc5 16. Nxc5 e5 17. Nxe5 Bxc5 18. Nxg6 hxg6 19. Rd2 Rh5 20. Rhd1
Bd6 21. Bxd6 Rxd6 22. h3 Kb7 23. b3 Kb6 24. b4 Kb7 25. Kb2 Kc8 26. Kb3 Kd7 27.
a4 Rf6 28. f3 Kd6 29. Rd4 Re5 30. c4 Re3+ 31. R4d3 bxc4+ 32. Kxc4 Re2 33. R1d2
Rf4+ 34. Kc3 Re1 35. Rd4 Rf5 36. b5 axb5 37. a5 Ra1 38. Kb4 Rb1+ 39. Ka3 Ra1+
40. Kb4 Rb1+ 41. Ka3 Ra1+ 1/2-1/2

[Event "4NCL/Div2b/CELT1 vs. GUI3"]
[Site "Sunningdale ENG"]
[Date "2008.10.04"]
[Round "1.8"]
[White "Hunt, Daniel"]
[Black "Owens, Megan"]
[Result "1-0"]
[WhiteElo "1919"]
[BlackElo "1783"]
[PlyCount "65"]
[EventDate "2008.10.04"]
[SourceDate "2008.10.04"]

1. e4 c5 2. Nf3 a6 3. c3 d5 4. exd5 Qxd5 5. d4 e6 6. Be2 Nf6 7. O-O Nc6 8. Be3
cxd4 9. cxd4 Be7 10. Nc3 Qd6 11. Qd2 O-O 12. Rfd1 Nd5 13. a3 f5 14. Bg5 Bxg5
15. Nxg5 Rf6 16. Nxd5 exd5 17. f4 b6 18. b4 Bb7 19. Nf3 Rc8 20. Rdc1 Rff8 21.
Ne5 Ne7 22. Rxc8 Rxc8 23. Rc1 Qe6 24. Rc3 Ng6 25. g3 Nf8 26. Qc2 b5 27. Rc7
Rxc7 28. Qxc7 Qc8 29. Qf7+ Kh8 30. Bd3 g6 31. Qf6+ Kg8 32. Nf7 Ne6 33. Nh6# 1-0

[Event "4NCL/Div2b/CHEDP vs. WES1"]
[Site "Sunningdale ENG"]
[Date "2008.10.05"]
[Round "2.1"]
[White "Arkell, Keith"]
[Black "Lock, Gavin R"]
[Result "1-0"]
[WhiteElo "2521"]
[BlackElo "2252"]
[PlyCount "91"]
[EventDate "2008.10.05"]
[SourceDate "2008.10.04"]

1. d4 d5 2. c4 c6 3. Nf3 Nf6 4. Nc3 a6 5. e3 b5 6. b3 Bg4 7. h3 Bxf3 8. Qxf3 e5
9. dxe5 Bb4 10. Bd2 Bxc3 11. Bxc3 Ne4 12. Bb4 bxc4 13. Qd1 Nd7 14. Be2 Qb6 15.
Bd6 Qa5+ 16. Kf1 Nxd6 17. exd6 O-O 18. bxc4 Nf6 19. cxd5 cxd5 20. g3 Rab8 21.
Kg2 Rb2 22. Bf3 Rd8 23. Qc1 Qb6 24. Rb1 Rxb1 25. Qxb1 Qxd6 26. Rd1 g6 27. Qb2
Rb8 28. Qc3 Qe6 29. Qd4 Qe7 30. Rc1 Qe6 31. Rc5 Rb5 32. Rxb5 axb5 33. Be2 Qc6
34. Bxb5 Qxb5 35. Qxf6 Qa5 36. Qb2 Qa8 37. Kg1 h5 38. h4 Qa4 39. a3 Qd1+ 40.
Kg2 Qa4 41. Qb8+ Kh7 42. Qb4 Qa8 43. Kg1 Qa6 44. a4 Qe2 45. Kg2 Qa2 46. a5 1-0

[Event "4NCL/Div2b/CHEDP vs. WES1"]
[Site "Sunningdale ENG"]
[Date "2008.10.05"]
[Round "2.2"]
[White "Simons, Martin J"]
[Black "Bellin, Robert"]
[Result "0-1"]
[WhiteElo "2237"]
[BlackElo "2405"]
[PlyCount "48"]
[EventDate "2008.10.05"]
[SourceDate "2008.10.04"]

1. Nc3 d5 2. e4 d4 3. Nce2 g6 4. c3 dxc3 5. dxc3 Qxd1+ 6. Kxd1 Nf6 7. f3 e5 8.
Be3 Be6 9. Nc1 Nbd7 10. Kc2 a5 11. Nb3 a4 12. Nd2 Bc5 13. Bxc5 Nxc5 14. g3 Ke7
15. Nh3 Rhd8 16. Bg2 Nd3 17. Rhb1 Rd6 18. Ng5 Rad8 19. Nxe6 Ne1+ 20. Kd1 Rxd2+
21. Kxe1 fxe6 22. Kf1 Rc2 23. Rd1 Rxd1+ 24. Rxd1 Rxb2 0-1